000 00657nam a2200217 i 4500
001 bg
245 0 0 _aMechanika budowli :
_bujęcie komputerowe.
_nT. 3 /
_czesp. aut. Adam Borkowski [et al.].
260 _aWarszawa :
_bArkady,
_c1995.
300 _a327 s. :
_brys., wykr. ;
_c24 cm.
504 _aBibliogr. przy rozdz.
650 9 _aBudownictwo
_xmechanika
650 9 _aKomputery
_xstosowanie
_xbudownictwo
655 _aPodręczniki akademickie
020 _a8321337791 (t.3)
040 _cBPK
041 0 _apl
080 _a624.01/.07:004.42](075.8)
920 _a83-213-3779-1 ((t.3))
942 _cKS
008 s pl f |000 0 pol
999 _c32689
_d32689
856 _uhttp://koha.tu.koszalin.pl/cgi-bin/koha/opac-detail.pl?biblionumber=32689
_yKatalog online BPK